000 01212nam0a2200313 4500
001 RU\NLR\ONL2\10837
005 20260315071732.0
035 _a(NLR Aleph) 009658426
090 _a13632190
_c13632190
100 _a20080911d1956 u y0rusy50 ca
101 0 _aaze
102 _aAZ
105 _ay |||||||||
200 1 _aДәмjә шәраитиндә hәр hектордан 28,2 сентнер түтүн мәhсулу
_fИбриш Амитов
210 _aБакы
_cАзэрнэшр
_d1956
215 _a16 с.
_cдиагр.
_d20
225 1 _aУмум иттифаг кэнд тэсэрруфаты сэркиси
541 1 _6z01790
_a28,2 центнера урожая табака с каждого гектара на богаре
_zrus
606 0 _aТабаководство
_yАзербайджан
_91631741
_3RU\NLR\auth\661019133
686 1 _aП218.1
700 1 _aАмитов
_bИ. Ә.
_gИбриш Әмир оғлу
_4070
790 1 _6z01541
_aАмитов
_bИ. А.
_gИбриш Амир оглы
_4070
801 0 _aRU
_bNLR
_c20080912
_gPSBO
852 _aNLR
_bОНЛ
_jАзерб./2-8299
942 _cUNSPEC
980 _aONL_RF
980 _aNB